Loading...
| Auditory Arts | 3 | 6.67 | 67% | 0% | 0% |
| Beliefs | 6 | 15.00 | 83% | 67% | 0% |
| Current Events | 3 | 16.67 | 100% | 67% | 0% |
| Fine Arts - Other Arts | 5 | 6.00 | 60% | 0% | 0% |
| Geography | 1 | 10.00 | 100% | 0% | 0% |
| History - American | 3 | 16.67 | 100% | 67% | 0% |
| History - Ancient | 3 | 13.33 | 100% | 33% | 0% |
| History - European | 2 | 10.00 | 100% | 0% | 0% |
| History - Other | 2 | 10.00 | 50% | 50% | 0% |
| History - World | 3 | 13.33 | 100% | 33% | 0% |
| Literature - American | 4 | 12.50 | 100% | 25% | 0% |
| Literature - British | 1 | 20.00 | 100% | 100% | 0% |
| Literature - European | 1 | 20.00 | 100% | 100% | 0% |
| Literature - World | 5 | 10.00 | 100% | 0% | 0% |
| Other Academic | 1 | 10.00 | 0% | 100% | 0% |
| Philosophy | 2 | 10.00 | 100% | 0% | 0% |
| Science - Biology | 3 | 13.33 | 100% | 33% | 0% |
| Science - Chemistry | 4 | 10.00 | 75% | 25% | 0% |
| Science - Other | 2 | 10.00 | 100% | 0% | 0% |
| Science - Physics | 2 | 10.00 | 50% | 50% | 0% |
| Social Science | 4 | 10.00 | 50% | 50% | 0% |
| Visual Arts | 1 | 10.00 | 100% | 0% | 0% |